| 000 | 00896nam a2200265Ia 4500 | ||
|---|---|---|---|
| 003 | OSt | ||
| 005 | 20220927115053.0 | ||
| 006 | a|||||r|||| 00| 0 | ||
| 007 | ta | ||
| 008 | 220926b |||||||| |||| 00| 0 eng d | ||
| 024 | _a70009 | ||
| 037 | _cThesis and Dissertations | ||
| 040 |
_aRTL _cRTL _beng |
||
| 041 |
_2eng _aeng |
||
| 082 | _a"X65:(Z,333).2.N9, N1" | ||
| 100 |
_aNaresh Kumar _9390670 |
||
| 110 | _aUniversity of Delhi. Faculty of Commerce and Business Studies. Department of Commerce | ||
| 245 | 0 | _aLeasing financing in India | |
| 260 |
_aDelhi _bUniversity of Delhi India _c1991 |
||
| 300 |
_a372p. _ccm. |
||
| 650 | _aInvestment | ||
| 700 | _aUniversity of Delhi. Faculty of Commerce and Business Studies. Department of Commerce | ||
| 942 |
_h"X65:(Z,333).2.N9, N1" _cCC |
||
| 999 |
_c705785 _d705785 |
||